Länder mit dem Buchstaben L als zweitem Buchstaben - Statistiken

Allgemein
  • Dieses Quiz wurde 509 mal gespielt
  • Das Durchschnittsergebnis liegt bei 4 aus 6
Antwortstatistiken
Land % Korrekt
Algerien
90%
Albanien
86%
Slowenien
66%
Slowakei
65%
El Salvador
63%
Elfenbeinküste
51%
Keine übereinstimmenden Quizze gefunden
Verteilung der Resultate
Anzahl Personen mit jedem Resultat
Perzentil nach korrekt beantworteten Fragen
Ihre Resultats-Entwicklung
Sie haben dieses Quiz noch nicht gespielt